| 000 | 01135nam a22003017a 4500 | ||
|---|---|---|---|
| 001 | 9689 | ||
| 003 | FISKH | ||
| 005 | 20260424132756.0 | ||
| 008 | 260129b cb ||||| |||| 00| 0 eng d | ||
| 020 | _a9780462004839 | ||
| 040 |
_aFISKH _beng _cFISKH _dFISKH |
||
| 050 | _aPZ7 | ||
| 082 | _a599.75 | ||
| 100 |
_aMichaels, Jade _eAuthor |
||
| 245 |
_aCrossing the river / _cWritten by Jade Michaels ; illustrated by Heath Gray |
||
| 250 | _aFirst published 2008 | ||
| 260 |
_aLondon : _bMarshall Cavedish Education , _c2008. |
||
| 300 |
_a16 pages : _bcolor illustrations ; _c19 cm . |
||
| 490 |
_aMy pals are here! Reading star : _v7a |
||
| 505 | _aK | ||
| 520 | _aCrossing the River follows young characters as they learn to navigate the challenge of crossing a river safely — using simple sentences and illustrations to help beginning readers understand the sequence of events and build confidence with basic vocabulary. | ||
| 521 | 8 |
_a510
_bLexile estimate |
|
| 521 | 8 |
_aK
_bRaz-Plus |
|
| 650 |
_aBaby goat _vGoat family |
||
| 700 |
_aGray, Heath _eIllustrator |
||
| 942 |
_2ddc _cBK _n0 |
||
| 999 |
_c9689 _d9689 |
||